<?xml version="1.0" encoding="UTF-8"?>
<record
    xmlns:xsi="http://www.w3.org/2001/XMLSchema-instance"
    xsi:schemaLocation="http://www.loc.gov/MARC21/slim http://www.loc.gov/standards/marcxml/schema/MARC21slim.xsd"
    xmlns="http://www.loc.gov/MARC21/slim">

  <leader>00864nam a22002177a 4500</leader>
  <controlfield tag="005">20250425120521.0</controlfield>
  <datafield tag="010" ind1=" " ind2=" ">
    <subfield code="a">HIN-129704</subfield>
  </datafield>
  <datafield tag="020" ind1=" " ind2=" ">
    <subfield code="c">821</subfield>
    <subfield code="a">9789357685535</subfield>
  </datafield>
  <datafield tag="035" ind1=" " ind2=" ">
    <subfield code="a">HN-102050</subfield>
  </datafield>
  <datafield tag="037" ind1=" " ind2=" ">
    <subfield code="b">DBAD</subfield>
  </datafield>
  <datafield tag="082" ind1=" " ind2=" ">
    <subfield code="a">821</subfield>
  </datafield>
  <datafield tag="100" ind1=" " ind2=" ">
    <subfield code="a">&#x92C;&#x928;&#x93F;&#x935;&#x93E;&#x932;,&#x928;&#x940;&#x930;&#x91C; &#x938;&#x93F;&#x902;&#x939; </subfield>
    <subfield code="9">80873</subfield>
  </datafield>
  <datafield tag="245" ind1=" " ind2=" ">
    <subfield code="a">&#x936;&#x93F;&#x935;&#x93E;&#x92E;&#x943;&#x924;/</subfield>
    <subfield code="c">&#x928;&#x940;&#x930;&#x91C; &#x938;&#x93F;&#x902;&#x939; &#x92C;&#x928;&#x93F;&#x935;&#x93E;&#x932;</subfield>
  </datafield>
  <datafield tag="250" ind1=" " ind2=" ">
    <subfield code="a">&#x92D;&#x93E;&#x917;-1</subfield>
  </datafield>
  <datafield tag="260" ind1=" " ind2=" ">
    <subfield code="a">&#x926;&#x93F;&#x932;&#x94D;&#x932;&#x940;</subfield>
    <subfield code="b">&#x930;&#x947;&#x932;&#x940;&#x935;&#x947;&#x902;&#x91F; &#x92A;&#x92C;&#x94D;&#x932;&#x93F;&#x915;&#x947;&#x936;&#x928;</subfield>
    <subfield code="c">2022</subfield>
  </datafield>
  <datafield tag="270" ind1=" " ind2=" ">
    <subfield code="a">&#x905; &#x92F;&#x942;&#x928;&#x93F;&#x91F; &#x911;&#x92B;&#x93C; &#x938;&#x942;&#x930;&#x94D;&#x92F;&#x93E;&#x902;&#x936; &#x92A;&#x94D;&#x930;&#x93F;&#x902;&#x91F; &#x938;&#x932;&#x942;&#x936;&#x928; 2615</subfield>
    <subfield code="b">&#x926;&#x93F;&#x932;&#x94D;&#x932;&#x940;</subfield>
    <subfield code="e">110006</subfield>
  </datafield>
  <datafield tag="300" ind1=" " ind2=" ">
    <subfield code="a">130&#x92A;&#x943;.</subfield>
    <subfield code="c">22&#x938;&#x947;.&#x92E;&#x940;. (&#x938;&#x91C;&#x93F;&#x932;&#x94D;&#x926;)</subfield>
  </datafield>
  <datafield tag="700" ind1=" " ind2=" ">
    <subfield code="a">&#x92C;&#x928;&#x93F;&#x935;&#x93E;&#x932;,&#x928;&#x940;&#x930;&#x91C; &#x938;&#x93F;&#x902;&#x939; </subfield>
    <subfield code="9">80873</subfield>
  </datafield>
  <datafield tag="760" ind1=" " ind2=" ">
    <subfield code="b">&#x92D;&#x93E;&#x917; 1</subfield>
  </datafield>
  <datafield tag="942" ind1=" " ind2=" ">
    <subfield code="2">ddc</subfield>
    <subfield code="c">HN</subfield>
    <subfield code="h">821</subfield>
    <subfield code="m">&#x92C;&#x948;&#x928;&#x940;&#x935;&#x93E;</subfield>
  </datafield>
  <datafield tag="999" ind1=" " ind2=" ">
    <subfield code="c">211112</subfield>
    <subfield code="d">211112</subfield>
  </datafield>
  <datafield tag="952" ind1=" " ind2=" ">
    <subfield code="0">0</subfield>
    <subfield code="1">0</subfield>
    <subfield code="4">0</subfield>
    <subfield code="7">0</subfield>
    <subfield code="8">NFIC</subfield>
    <subfield code="a">JP</subfield>
    <subfield code="b">JP</subfield>
    <subfield code="d">2025-04-25</subfield>
    <subfield code="e">DBAD</subfield>
    <subfield code="g">350.00</subfield>
    <subfield code="l">0</subfield>
    <subfield code="o">821 &#x92C;&#x948;&#x928;&#x940;&#x935;&#x93E;</subfield>
    <subfield code="p">HN-102050</subfield>
    <subfield code="r">2025-04-25 00:00:00</subfield>
    <subfield code="t">1</subfield>
    <subfield code="v">350.00</subfield>
    <subfield code="w">2025-04-25</subfield>
    <subfield code="y">HN</subfield>
  </datafield>
</record>
